Pid mojeju strichoju

Podrobná bibliografia
Hlavný autor: Chomyk, Vasyľ (Autor)
Médium: Článok
Jazyk:ukrajinčina
Predmet:

MARC

LEADER 00000nab a2200000 a 4500
001 vtls000066926
003 SK-MaSNL
005 20260318133227.0
008 150430c1980 xo 0 ukr
015 |a SNBRB19rr/mm-uuuuu 
035 |a CL0077026 
040 |a SNKBUCL  |b slo  |c SNKBUCL  |e AACR2 
041 0 |a ukr 
044 |a xo  |c SK 
080 |a 883-1(087.5)=83  |2 1981 
100 1 |a Chomyk, Vasyľ  |4 aut  |9 1204733 
245 1 0 |a Pid mojeju strichoju  |c Vasyľ Chomyk 
650 0 7 |a piesne lyrické  |2 snkbucl  |9 919720 
650 0 7 |a literatúra pre deti a mládež  |2 snkbucl  |9 21893 
650 0 7 |a sovietska literatúra  |2 snkbucl  |9 22300 
655 7 |a články z novín a časopisov  |2 snkbucl  |9 267496 
655 7 |a články z odboru literárna veda a krásna literatúra  |2 snkbucl  |9 770045 
773 0 |t Veselka  |g Roč. 29, č. 15 (9. 4. 1980), s. 9 
850 |a Slovenská národná knižnica v Martine  |a MTA001 
852 |a SNK  |b KIS3GCP 
958 |a RK 
958 |a LX 
958 |a SK 
992 |a RBX 
999 |c 2103239  |d 2105169